000 00729nam a2200217 a 4500
001 48692
003 BD-RjUL
005 20211209054553.0
008 160816r19601958ii ||||| |||| 00| 0 ben d
035 _a(BD-RjUL)48811
040 _aBD-RjUL
_bben
_cBD-RjUL
041 _aben
082 _223
_a891.4408
_bPAT 1960
245 0 0 _aপাঠ-সংকলন /
250 _a৩য় সং.
260 _aকলিকাতা :
_bবিশ্বভারতী,
_c১৯৫৮ [মুদ্রণ ১৯৬০]
300 _a[৪], ১৯১ পৃ. ;
_c১৭ সেমি
650 _aবাংলা সাহিত্য
_xসংগ্রহ
_9122902
650 _aBengali Literature
_xCollection
_9122903
942 _2ddc
_cBK
999 _c48692
_d48692